| 000 | 00720nam a2200229Ia 4500 | ||
|---|---|---|---|
| 001 | 8504 | ||
| 003 | GE_BSU | ||
| 008 | 181216s||||||||xx |||||||||||||| ||und|| | ||
| 040 | _cGE_BSU | ||
| 080 | _a821.353.1-11 | ||
| 100 | _aვარშანიძე,მამია. | ||
| 245 | _aხიხანის არწივები. | ||
| 245 | _bპოემა. | ||
| 245 | _cრედ:რ.ართილაყვა;მხატვ:ლ.სეიდიშვილი. | ||
| 260 | _aბათუმი. | ||
| 260 | _bსაბჭ.აჭარა. | ||
| 260 | _c1969. | ||
| 300 | _a115გვ;16სმ. | ||
| 653 | _aპოემა. | ||
| 653 | _aხიხანის არწივები. | ||
| 942 | _cBK | ||
| 999 |
_c41821 _d41821 |
||